[Event "Hammamet Carthage op 1st"]
[Site "Hammamet"]
[Date "2015.10.08"]
[Round "6"]
[White "Khadhraoui, Ramzi"]
[Black "Azouz, Boubaker"]
[Result "0-1"]
[WhiteElo "1588"]
[BlackElo "2123"]
[PlyCount "56"]
[EventDate "2015.10.04"]
[EventType "swiss"]
[EventRounds "9"]
[EventCountry "TUN"]
[SourceTitle "CBM 168 Extra"]
[Source "ChessBase"]
[SourceDate "2015.10.29"]
[SourceVersion "1"]
[SourceVersionDate "2015.10.29"]
[SourceQuality "1"]

1. g3 d5 2. d4 g6 3. b3 Bg7 4. c3 Nf6 5. Bg2 0-0 6. Nd2 b6 7. Ba3 Bb7 8. e3 Nbd7 9. Ne2 Re8 10. 0-0 e5 11. Qc2 c5 12. Rfe1 Rc8 13. Rad1 Ba6 14. dxc5 bxc5 15. b4 Qc7 16. Qa4 Bb7 17. Rc1 Bc6 18. b5 Nb6 19. Qa5 Bd7 20. Nb3 Bf8 21. Nd2 Qb8 22. f4 Ng4 23. Bh3 Nxe3 24. Bxd7 Nxd7 25. c4 d4 26. Nf1 Ng4 27. h3 Ngf6 28. fxe5 Nxe5 0-1

[Event "Hammamet Carthage op 1st"]
[Site "Hammamet"]
[Date "2015.10.06"]
[Round "3"]
[White "Khadhraoui, Ramzi"]
[Black "Meftahi, Houssem"]
[Result "0-1"]
[WhiteElo "1588"]
[BlackElo "2084"]
[PlyCount "106"]
[EventDate "2015.10.04"]
[EventType "swiss"]
[EventRounds "9"]
[EventCountry "TUN"]
[SourceTitle "CBM 168 Extra"]
[Source "ChessBase"]
[SourceDate "2015.10.29"]
[SourceVersion "1"]
[SourceVersionDate "2015.10.29"]
[SourceQuality "1"]

1. g3 d5 2. Nf3 c6 3. d4 Bg4 4. Bg2 Nd7 5. Nbd2 Ngf6 6. b3 e6 7. Bb2 Bd6 8. h3 Bh5 9. Ne5 Qe7 10. a3 0-0 11. c4 Rfe8 12. Qc2 Rac8 13. f4 Bg6 14. Nxg6 hxg6 15. c5 Bb8 16. e4 dxe4 17. Nxe4 Nxe4 18. Qxe4 Nf6 19. Qe2 Nh5 20. Qe3 g5 21. Qf3 g6 22. Bc1 gxf4 23. gxf4 Qh4+ 24. Qf2 Qxf2+ 25. Kxf2 Bxf4 26. Bxf4 Nxf4 27. Kf3 Nxg2 28. Kxg2 Rcd8 29. Rad1 Rd5 30. Kf3 Red8 31. Ke3 e5 32. b4 Rxd4 33. Rxd4 Rxd4 34. Rg1 Kg7 35. Rg4 Rxg4 36. hxg4 f5 37. g5 Kf7 38. Kd3 Ke6 39. Kc4 f4 40. a4 e4 41. Kd4 Kf5 42. b5 a6 43. bxa6 bxa6 44. a5 f3 45. Ke3 Kg4 46. Kxe4 f2 47. Ke5 f1Q 48. Kd6 Kf5 49. Kxc6 Ke6 50. Kc7 Qb5 51. c6 Ke7 52. Kc8 Kd6 53. c7 Ke6 0-1